000 00475nam a2200157 4500
001 136128
003 ES-MaACL
005 20230906195037.0
007 t|
008 070214s1928 po r ||||1| por d
100 1 _aSa Cardoso, Luis de.
_9101122
245 1 0 _aAmor do coraçao, amor dos sentidos /
_cromance de Luis de Sa Cardoso.
260 _aPorto :
_b[s.n.],
_c1928 (
_fOficinas Gráf. da Soc. da Papeleria)
300 _a192 p. ;
_c19 cm.
852 _aES-MaACL
_jF-9724
999 _c136128
_d136128